Statistics for Leaders of Axis Countries

Click here to take the quiz!

General Stats

  • This quiz has been taken 17 times
  • The average score is 5 of 10

Answer Stats

HintAnswer% Correct
Germany 1934-1945Adolf Hitler
100%
Italy 1922-1943Benito Mussolini
100%
Japan 1926-1989Hirohito
82%
Vichy France 1940-1944Philippe Pétain
65%
Germany 1945-1945Karl Dönitz
41%
Norway 1942-1945Vidkun Quisling
41%
Hungary 1920--1944Miklós Horthy
35%
Romania 1940-1944Ion Antonescu
29%
Croatia 1941-1945Ante Pavelić
24%
Slovak republic 1939-1945Josef Tiso
18%

Score Distribution

Percentile by Number Answered

Percent of People with Each Score

Your Score History

You have not taken this quiz